000 00649nam a2200217 i 4500
001 C2-0219939
003 PPAK
005 20180728150330.0
008 990912s1989 my |||| ||||| | may d
040 _aPPAK
_beng
_cPPAK
_erda
082 0 4 _a364.16309595
_223
090 0 0 _a364.16309595
_bSKA
_dKK
245 0 0 _aSkandal BMF
_bKes penyelewengan wang
_22 juta
264 1 _aAlor Setar, Kedah :
_bPerbadanan Perpustakaan Awam Kedah ,
_c1989
300 _c34 cm
336 _2rdacontent
_atext
337 _2rdamedia
_aunmediated
338 _2rdacarrier
_avolume
500 _aKeratan akhbar koleksi Kedah (koleksi khas) ; Bil. 4
942 _ddc
_cB
999 _c142304
_d142304